000
00289nam a22001337a 4500
999
_c
528852
_d
528852
003
NUST
038
_a
MS
082
_a
0
100
_a
Sydney M Levy
_9
20644
245
_a
Built operate transfer .\
260
_a
Newyork
_b
John Willey and Sons
_c
1996
300
_a
411,p;
942
_2
ddc
_c
BK